Jules Olitski (Record no. 10951)

MARC details
000 - LÍDER
campo de control de longitud fija 01136nam a2200241Ia 4500
008 - ELEMENTOS DE DATOS DE LONGITUD FIJA - INFORMACIÓN GENERAL
campo de control de longitud fija 0000002005 usad 0000000000eng00
090 ## - NÚMERO DE LLAMADA DE TIPO LC LOCALMENTE ASIGNADO (OCLC)
Número de clasificación (OCLC) (R) PUS00 J84j
245 10 - TÍTULO DECLARACIÓN
Título Jules Olitski
Resto del título : six decades
Declaración de responsabilidad / curated by Karen Wilkin ; photography Jimm Roberts
260 ## - PUBLICACIÓN, DISTRIBUCIÓN
Lugar de publicación Miami : The Goldman Warehouse
Fecha de publicación 2005
300 ## - DESCRIPCIÓN FÍSICA
Alcance 55 p.
Dimensiones / 23 cm.
500 ## - NOTA GENERAL
Nota general Exposición realizada en The Goldman Warehouse, Miami, febrero 18 a abril 15 de 2005 \ Artista nacido en Rusia y nacionalizado en Estados Unidos \ Incluye datos biográficos del artista \ Registro auspiciado por la FGAA. Bogotá
501 ## - Con nota
Con nota The evution of Jules Olitski : siX decades / Karen Wilkin Color field painting, Jules Olitski in conteXt / Karen Wilkin
600 00 - ENTRADA DE SUJETO AÑADIDO - NOMBRE PERSONAL
Nombre de la persona OLITSKI, JULES, 1922/
Subdivisión general TRABAJOS ARTISTICOS
650 14 - ENTRADA DE SUJETO AÑADIDO - TÉRMINO TÓPICO
Término tópico o elemento de entrada del nombre geográfico ARTE CONTEMPORANEO ESTADOUNIDENSE
650 14 - ENTRADA DE SUJETO AÑADIDO - TÉRMINO TÓPICO
Término tópico o elemento de entrada del nombre geográfico ARTISTAS PLASTICOS ESTADOUNIDENSES
650 14 - ENTRADA DE SUJETO AÑADIDO - TÉRMINO TÓPICO
Subdivisión general CATALOGOS
650 14 - ENTRADA DE SUJETO AÑADIDO - TÉRMINO TÓPICO
Subdivisión general EXPOSICIONES
650 14 - ENTRADA DE SUJETO AÑADIDO - TÉRMINO TÓPICO
Término tópico o elemento de entrada del nombre geográfico PINTORES ESTADOUNIDENSES
650 14 - ENTRADA DE SUJETO AÑADIDO - TÉRMINO TÓPICO
Término tópico o elemento de entrada del nombre geográfico PINTURA ACRILICA (ARTE)
650 14 - ENTRADA DE SUJETO AÑADIDO - TÉRMINO TÓPICO
Término tópico o elemento de entrada del nombre geográfico PINTURA AL OLEO
650 14 - ENTRADA DE SUJETO AÑADIDO - TÉRMINO TÓPICO
Término tópico o elemento de entrada del nombre geográfico PINTURA ESTADOUNIDENSE
700 1# - ENTRADA AGREGADA - NOMBRE PERSONAL
Nombre de la persona Wilkin, Karen \ Roberts, Jimm
Holdings
Estado de retirada Pérdida de estatus Estado dañado No para préstamo Código de recogida Ubicación permanente Ubicación actual Ubicación de las estanterías Fecha de adquisición Número de llamada completo Código de barras Fecha de la última vez que se vio Número de copia Precio efectivo desde Tipo de artículo Koha
        General ArtNexus ArtNexus General 06/09/2022 P-US-00 J84J 11053 06/09/2022 Ej.1 06/09/2022 Libro

Powered by Koha